1773 1615 1092 1759 1431 1609 1524 1368 1109 1566 1847 1539 1237 1277 1009 1215 1457 1831 1047 1602 1755 1284 1023 1220 1476 1912 1706 1216 1076 1461 1878 1869 1506 1884 1288 1031 1696 1323 1968 1852 1328 1767 1214 1978 1476 1376 1115 1689 1944 1174 1057 1274 1521 1471 1139 1932 1085 1503 1680 1591 1920 1509 1210 1656 1770 1385 1035 1579 1256 1044 1373 1865 1673 1759 1848 1508 1316 1802 1215 1680 1287 1811 1724 1879 1440 1377 1899 1272 1608 1924 1381 1222 1449 1223 1481 1649 1969 1090 1851 BCNSPRNW ULIB Ver.6.0+V

เปลี่ยนเป็นภาษาไทย

Change to English
 แสดงรายละเอียดบรรณานุกรม
  กลับหน้าหลัก

Brief Record : Get Marc (ISO 2709) : E-mail record : QR code < ปิดหน้าต่าง
LEADER : 00000nam 2200000uu 4500
001    13399123213
003     ULIB
008    020711s2551 th a 000 0 tha d
020    9789740677864
090    นว.^bก635ร
100    กิ่งพยอม
245    รักก้นขวิดพิชิตใจเธอ /^cกิ่งพยอม
250    พิมพ์ครั้งที่ 1
260    กรุงเทพฯ :^bนกฮูก,^c2551
300    287 หน้า;^b21 ซม.
710    นกฮูก
945    ^p0^l0^i20349
999    ^aทศพร เกษรทอง
รายการนี้ยังไม่มีแท็ก
คุณยังไม่ได้ล็อกอิน คุณสามารถมีกิจกรรมร่วมกับเว็บไซต์ได้ แต่ต้องล็อกอินก่อน ::
  ล็อกอิน

รายการสื่อสารสนเทศ

ลำดับที่ ประเภท เลขเรียก/บาร์โค้ด สถานที่ สถานะ
1. นวนิยาย
นวนิยาย
นว. ก635ร ฉ.1 
  Barcode: 20349
ห้องสมุดวิทยาเขตนครสวรรค์
►นวนิยาย:l:Fiction
บนชั้น

รายการใกล้เคียง
    ผู้แต่ง [กิ่งพยอม]

BibComment


ยังไม่เคยถูกคอมเมนท์

คอมเมนท์ทรัพยากรรายการนี้
  คอมเมนท์: รักก้นขวิดพิชิตใจ..


 Copyright 2026. Bcnsprnw @Library